| 000 | 00903nam a2200277 i 4500 | ||
|---|---|---|---|
| 001 | 000037799 | ||
| 003 | DO-SdBNP | ||
| 005 | 20260321073642.0 | ||
| 007 | ta | ||
| 008 | 130306s2007 dr r 001 0 spa d | ||
| 020 | _a9945406116 | ||
| 040 |
_aDO-SdBNP _bspa _cBNPHU _erda |
||
| 082 | 1 |
_a972.9 _bB742d, 2007 _222 |
|
| 100 | 1 |
_a Bosch, Juan, _d1909-2001 _eautor _4aut. _976555 |
|
| 245 | 1 | 0 |
_aDe Cristóbal Colón a Fidel Castro : _bel Caribe, frontera imperial / _cJuan Bosch. |
| 250 | _atrigésima tercera | ||
| 264 | 1 |
_aSanto Domingo : _bEditora Alfa y Omega, _c2007. |
|
| 300 |
_a712 páginas ; _c24 cm. |
||
| 336 |
_atexto _btxt _2rdacontent |
||
| 337 |
_asin mediación _bn _2rdamedia |
||
| 338 |
_avolumen _bnc _2rdacarrier |
||
| 500 | _aIncluye índice de personas y lugares | ||
| 651 | 0 |
_aCaribe (Región) _xHistoria _987401 |
|
| 910 | _aValidado. Control de calidad. MFF | ||
| 942 |
_2ddc _cLBS1 |
||
| 999 |
_c37289 _d37289 |
||